| 000 | 00784nam a2200265Ia 4500 | ||
|---|---|---|---|
| 005 | 20260302114958.0 | ||
| 008 | 008 260114s9999 xx 000 0 eng d | ||
| 020 | _a9781501325076 | ||
| 037 | _aTextbook | ||
| 040 | _aCRL | ||
| 040 | _beng | ||
| 040 | _cCRL | ||
| 041 | _2eng | ||
| 041 | _aeng | ||
| 084 | _qCRL | ||
| 100 |
_aVéronique Lane _91120344 |
||
| 245 | 4 | _aThe French Genealogy of the Beat Generation Burroughs, Ginsberg and Kerouac's Appropriations of Modern Literature, from Rimbaud to Michaux | |
| 260 | _bBloomsbury | ||
| 260 | _bBloomsbury Academic | ||
| 260 | _c2017 | ||
| 650 | _aLiterary Studies | ||
| 856 | _uhttps://dx.doi.org/10.5040/9781501325076?locatt=label:secondary_bloomsburyCollections | ||
| 942 | _cEBOOK | ||
| 999 |
_c1684514 _d1684514 |
||